Mind the gap : (رقم التسجيلة. 39831)

تفاصيل مارك
000 -الفاتح
حقل البيانات ثابتة الطول 01224cam a2200313 a 4500
001 - رقم الضبط
رقم الضبط 11845609
003 - محدد رقم الضبط
رقم الضبط OSt
005 - وقت وتاريخ اخر تعامل مع التسجيلة
رقم الضبط 20161216171158.0
008 - عناصر البيانات ثابتة الطول - معلومات عامة
حقل البيانات ثابتة الطول 991118s2000 nyua b 001 0 eng
010 ## - رقم ضبط مكتبة الكونجرس
رقم ضبط مكتبة الكونجرس 99059042
020 ## - الرقم الدولى المعيارى للكتب
الرقم الدولى المعيارى للكتاب 0582356792 (pbk.)
020 ## - الرقم الدولى المعيارى للكتب
الرقم الدولى المعيارى للكتاب 9780582356795
020 ## - الرقم الدولى المعيارى للكتب
الرقم الدولى المعيارى للكتاب 0582356806
040 ## - مصدر الفهرسة
وكالة الفهرسة الأصلية DLC
وكالة النسخ DLC
082 00 - رقم تصنيف ديوى العشرى
رقم التصنيف 425
رقم الطبعة 21
رقم المادة ًWPM
100 1# - المدخل الرئيسى - إسم شخصى
الإسم الشخصى Wilson, Peter,
التواريخ المصاحبة للاسم 1945-
9 (RLIN) 56758
245 10 - بيان العنوان
العنوان Mind the gap :
بقية العنوان ellipsis and stylistic variation in spoken and written English /
بيان المسئوليه,etc Peter Wilson.
260 ## - PUBLICATION, DISTRIBUTION, ETC. (IMPRINT)
مكان الناشر او الموزع Harlow, England ;
-- New York :
اسم الناشر او الموزع Longman,
تاريخ النشر أو التوزيع 2000.
300 ## - الوصف المادى
التعداد xi, 239 p. :
تفاصيل ماديه اخرى للوعاء ill. ;
أبعاد الوعاء 24 cm.
440 #0 - بيان السلسلة/مدخل إضافى-العنوان
العنوان Textual explorations
9 (RLIN) 56759
504 ## - تبصرة ببليوجرافية
تبصرة ببليوجرافية,الخ Includes bibliographical references (p. 229-234) and index.
650 #0 - المدخل الاضافى بالموضوع-مصطلح موضوعى
مصطلح موضوعي أو اسم جغرافي كعنصر مدخل English language
التقسيم الفرعي العام Ellipsis.
9 (RLIN) 56760
650 #0 - المدخل الاضافى بالموضوع-مصطلح موضوعى
مصطلح موضوعي أو اسم جغرافي كعنصر مدخل English language
التقسيم الفرعي العام Spoken English.
9 (RLIN) 56761
650 #0 - المدخل الاضافى بالموضوع-مصطلح موضوعى
مصطلح موضوعي أو اسم جغرافي كعنصر مدخل English language
التقسيم الفرعي العام Written English.
9 (RLIN) 46270
650 #0 - المدخل الاضافى بالموضوع-مصطلح موضوعى
مصطلح موضوعي أو اسم جغرافي كعنصر مدخل English language
التقسيم الفرعي العام Variation.
9 (RLIN) 56762
650 #0 - المدخل الاضافى بالموضوع-مصطلح موضوعى
مصطلح موضوعي أو اسم جغرافي كعنصر مدخل English language
التقسيم الفرعي العام Style.
9 (RLIN) 56763
942 ## - عناصر المدخل الإضافي( كوها)
مصدر التصنيف او مخطط الترفيف Dewey Decimal Classification
Koha [default] item type كتاب
المقتنيات
حالة الفقد نموذج السعر الفعال حالة تلف ليس للاعارة رقم الطلب تاريخ الاكتساب الموقع الحالي الباركود الفرع الرئيسي Date last seen نوع المادة فى نظام كوها مصدر التصنيف او خطة الترفيف Total Checkouts
  2016-12-16     425 ًWPM 2016-12-16 المكتبة المركزية بالمجمعة (CL) 00655372 المكتبة المركزية بالمجمعة (CL) 2016-12-16 كتاب Dewey Decimal Classification  
  2016-12-17     425 ًWPM 2016-12-17 مكتبة كلية التمريض - طلاب (CNM) 00655689 مكتبة كلية التمريض - طلاب (CNM) 2016-12-17 كتاب Dewey Decimal Classification  
  2016-12-17     425 ًWPM 2016-12-17 مكتبة كلية التمريض - طلاب (CNM) 00655690 مكتبة كلية التمريض - طلاب (CNM) 2016-12-17 كتاب Dewey Decimal Classification  
  2016-12-16     425 ًWPM 2016-12-16 مكتبة كلية العلوم و الدراسات الإنسانية برماح - طلاب (SRM) 00655373 مكتبة كلية العلوم و الدراسات الإنسانية برماح - طلاب (SRM) 2016-12-16 كتاب Dewey Decimal Classification  
  2016-12-16     425 ًWPM 2016-12-16 مكتبة كلية العلوم و الدراسات الإنسانية برماح - طلاب (SRM) 00655374 مكتبة كلية العلوم و الدراسات الإنسانية برماح - طلاب (SRM) 2016-12-16 كتاب Dewey Decimal Classification